Datum a čas kvízu

34.5 Celkem bodů Celkový počet nahraných bodů na tomto kvízu bez doplňovacích otázek.
9. Pořadí na kvízu Konečné umístění týmu na tomto kvízu.

Zaznamenané odpovědi

# Otázka Odpověď Body Výsledky
1. Které zvíře napadlo minulý týd... A 1
2. Italská vesnice Punta Marina č... pávy 0
3. Prodejce langošů ve slovenském... chybějící diakritika (háčky a čárky) 1
4. Německý soud rozhodl, že potra... Milku 1
5. Jak se jmenuje český basketbal... Jan Veselý 1
6. Vítězné téma facebookového hla... 36 týmů 1
7. Ve kterých třech jazycích je s... angličtina, francouzština, němčina 1
8. Pokud budeme počítat i předchů... C 1
9. Ve finále v roce 2012 zaznamen... Petr Čech 1
10. Historicky nejlepšími střelci... Robert Lewandowski 0